Library Logo

Pioneer International University Library Catalogue

Fundamentals of electronics (VOLUME 1) (Record no. 2317)

MARC details
000 -LEADER
fixed length control field 00287nam a22000977a 4500
005 - DATE AND TIME OF LATEST TRANSACTION
control field 20250901165331.0
008 - FIXED-LENGTH DATA ELEMENTS--GENERAL INFORMATION
fixed length control field 210312b ||||| |||| 00| 0 eng d
050 ## - LIBRARY OF CONGRESS CALL NUMBER
Classification number TK7815
245 ## - TITLE STATEMENT
Title Fundamentals of electronics (VOLUME 1)
Statement of responsibility, etc. OWEN, GEORGE E.
942 ## - ADDED ENTRY ELEMENTS (KOHA)
Source of classification or shelving scheme Library of Congress Classification
Classification part TK7815 .L46 1966
Holdings
Withdrawn status Lost status Source of classification or shelving scheme Damaged status Not for loan Home library Current library Shelving location Date acquired Total checkouts Full call number Barcode Date last seen Price effective from Koha item type
    Library of Congress Classification     Main Library Main Library   03/12/2021   TK7815 .L46 1966 PIU0190145 03/12/2021 03/12/2021 Books